00884nam a2200325Ia 4500008004100000020001800041050001100059050001400070100003100084245002400115245005300139245003400192260001600226260003200242260000900274300002100283300002000304300001000324500002300334650002100357650002600378650002600404650003400430650001500464650001500479650001300494650002100507700001100528999001900539170711s9999 xx 000 0 und d a9781858215686 a940.54 bM137 1998 aMacDougall, Andrew Guthrie 4aThe Guthrie saga :  bincluding diary of Andrew J. Guthrie 1877-1883 / cby Andrew Guthrie MacDougall  aEdinburgh : bThe Pentland Press Limited, c1998 axvi, 187 pages : billustrations ; c21cm. aIncludes appendix. aGreat Britain -- aGuthrie, Andrew J. -- aGuthrie, Andrew J. -- aMacDougall, Andrew Guthrie -- xBiography. xBiography. xDiaries. xRoyal Air Force. aTitle. c340013d340013